Informe del relator general de la Conferencia de revisión de la convención universal sobre derechos de autor (Record no. 160797)

MARC details
000 -CABECERA
campo de control de longitud fija 00755cam a2200205 a 4500
003 - IDENTIFICADOR DEL NÚMERO DE CONTROL
campo de control MX-MxUPN
005 - FECHA Y HORA DE LA ÚLTIMA TRANSACCIÓN
campo de control 20250509124729.0
008 - ELEMENTOS DE LONGITUD FIJA--INFORMACIÓN GENERAL
campo de control de longitud fija 121116s1971 fr fr 100 0 spa d
035 ## - NÚMERO DE CONTROL DEL SISTEMA
Número de control de sistema UPN01000188694
040 ## - FUENTE DE LA CATALOGACIÓN
Centro catalogador/agencia de origen MX-MxUPN
Lengua de catalogación spa
041 1# - CÓDIGO DE IDIOMA
Código de lengua del texto/banda sonora o título independiente spa
Código de lengua original eng
050 #4 - SIGNATURA TOPOGRÁFICA DE LA BIBLIOTECA DEL CONGRESO
Número de clasificación K1415 1971 A24
Número de documento/Ítem C66 1971
111 2# - ASIENTO PRINCIPAL--NOMBRE DE REUNION
Nombre de congreso/reunión o jurisdicción como elemento de entrada Conferencia de revisión de la convención universal sobre derechos de autor
Fecha del congreso/reunión (1971 :
Sede del congreso/Lugar de la reunión París)
9 (RLIN) 56518
245 10 - MENCIÓN DE TÍTULO
Título Informe del relator general de la Conferencia de revisión de la convención universal sobre derechos de autor
260 ## - PUBLICACIÓN, DISTRIBUCIÓN, ETC.
Lugar de publicación, distribución, etc. Paris .
Nombre del editor, distribuidor, etc. UNESCO,
Fecha de publicación, distribución, etc. 1971.
300 ## - DESCRIPCIÓN FÍSICA
Extensión 29 páginas
630 00 - ASIENTO SECUNDARIO DE MATERIA - TÍTULO UNIFORME
Título uniforme Convención Universal sobre Derecho de Autor
Fecha de la firma de un tratado (1952)
Subdivisión de forma Congresos
9 (RLIN) 56519
902 ## - ELEMENTOS DE DATOS B LOCAL, LDB (RLIN)
Modificó VíctorGodínez/090525
942 ## - ELEMENTOS DE PUNTO DE ACCESO ADICIONAL (KOHA)
Fuente del sistema de clasificación o colocación Library of Congress Classification
Tipo de ítem Koha Folleto
Holdings
Estado de retiro Estado de pérdida Fuente del sistema de clasificación o colocación Estado dañado No para préstamo Código de colección Localización permanente Ubicación/localización actual Ubicación en estantería Fecha de adquisición Clasificación Código de barras Fecha visto por última vez Número de copia Tipo de ítem Koha Total de préstamos Precio válido a partir de
    Library of Congress Classification   Disponible (Préstamo en sala) UNESCO Bib. Gregorio Torres Quintero Bib. Gregorio Torres Quintero Colecciones especiales Planta alta 03/02/2023 DO 347.78 (06) (100) "1971" INF U10241 31/12/2020 1 Libro    
    Library of Congress Classification   Disponible (Préstamo en sala) UNESCO Bib. Gregorio Torres Quintero Bib. Gregorio Torres Quintero Colecciones especiales Planta alta 09/05/2025 K1415 1971 A24 C66 1971 U10242 09/05/2025 Ej.2 Folleto   09/05/2025